Statistics for Video Games by Setting

Click here to take the quiz!

General Stats

  • This quiz has been taken 26 times
  • The average score is 6 of 20

Answer Stats

HintAnswer% Correct
Los SantosGrand Theft Auto
96%
Rainbow RoadMario Kart
79%
Goatville, Goat City BayGoat Simulator
71%
Bob Omb BattlefieldMario 64
50%
RaptureBioshock
38%
Winterhold, White Run, SolitudeThe Elder Scrolls 5 Skyrim
38%
Bill's Town (Lincoln), Boston, BoulderThe Last of Us
38%
Hope CountyFar Cry 5
33%
BullworthBully
29%
Morg City, The Giant, RevelationsCall of Duty Black Ops 3
25%
Paradise CityBurnout Paradise
21%
Inkwell Isle, Inkwell HellCuphead
21%
Anor Londo, MajulaDark Souls
21%
Grandpa's Farm, Pelican Town, Ginger IslandStardew Valley
21%
City of Tears, Dirtmouth, Royal WaterwaysHollow Knight
17%
Panau, Medici, SolisJust Cause
17%
Ubar, Yemen, The Pelican InnUncharted 3
17%
Kerwan, Veldin, Kalibo IIIRatchet and Clank
8%
The Gardens, The Canyons, The WildernessLittle Big Planet
4%
Shibuya Station, Yoyogi Park West, Underground FacilityTokyo Jungle
4%

Score Distribution

Percentile by Number Answered

Percent of People with Each Score

Your Score History

You have not taken this quiz